Top 15 landen met Covid-19 sterfgevallen - 13 juni - Statistieken

Algemene statistieken
  • Deze quiz is 2 keer genomen
  • De gemiddelde score is 6 van 20
Antwoordstatistieken
land % Correct
Canada
100%
India
100%
Mexico
100%
Verenigde Staten
100%
België
50%
Nederland
50%
Rusland
50%
Verenigd Koninkrijk
50%
Brazilië
0%
Chili
0%
Duitsland
0%
Ecuador
0%
Frankrijk
0%
Ierland
0%
Iran
0%
Italië
0%
Peru
0%
Spanje
0%
Zweden
0%
Zwitserland
0%
Geen overeenkomende quizzen gevonden
Scoreverdeling
Procent van Mensen met Elke Score
Percentiel versus Aantal Correcte Antwoorden
Uw Scoregeschiedenis
U heeft deze quiz nog niet genomen